Tvorba pridanej hodnoty ako spôsob udržania si konkurencieschopnosti diplomová práca
Enregistré dans:
| Auteur principal: | |
|---|---|
| Collectivité auteur: | |
| Autres auteurs: | |
| Format: | Livre |
| Langue: | slovaque |
| Publié: |
Bratislava
2018
|
| Tags: |
Pas de tags, Soyez le premier à ajouter un tag!
|
MARC
| LEADER | 00000nbm a2200000 4500 | ||
|---|---|---|---|
| 001 | 0244933 | ||
| 005 | 20181004110857.1 | ||
| 041 | 0 | |a slo | |
| 044 | |a SK | ||
| 245 | 1 | 0 | |a Tvorba pridanej hodnoty ako spôsob udržania si konkurencieschopnosti |b diplomová práca |c Róberta Bocianová ; školiteľ: Helena Majdúchová |
| 264 | 1 | |a Bratislava |c 2018 | |
| 300 | |a 76 s. | ||
| 100 | 1 | |a Bocianová, Róberta | |
| 700 | 1 | |a Majdúchová, Helena, 1963- | |
| 710 | 2 | |a Fakulta podnikového manažmentu EU. Katedra podnikovohospodárska | |